• 首页
  • 本馆介绍
  • 公告通知
  • 最新文献
  • 馆藏检索
  • 电子资源
  • 读者导购
  • 参考咨询
  • 我的图书馆
  • 登录
  • 详细信息显示
  • 放入我的书架
  • 预约/预借图书
  • 作者相关作品
  • 分类相关作品
  • 丛书相关作品
  • 出版社相关作品

书目信息

  • 表格格式
  • 工作单格式
  • 卡片格式
题名:
南社
    
 
作者: 杨天石 , 刘彦成 著
分册:  
出版信息: 北京   中华书局  1980.10
页数: 156页
开本: 20cm
丛书名: 中国文学史知识丛书
单 册:
中图分类: K206.6
科图分类:
主题词: 中国--通史
电子资源:
ISBN:
000 00608nam0 2200217 45
001 0312221749
005 20060425090854.59
010    @dCNY0.41
100    @a20031222d1980 km y0chiy0120 ea
101    @achi
200 1  @a南社@ANan She@f杨天石,刘彦成著@Fyang tian shi,liu yan cheng zhu
210    @a北京@c中华书局@d1980.10
215    @a156页@d20cm
225 2  @a中国文学史知识丛书
410  0 @12001 @a中国文学史知识丛书
606 0  @a中国@x通史
690    @aK206.6@v3
701 0  @a杨天石@Ayang tian shi@4著
701  0 @a刘彦成@Aliu yan cheng@4著
801    @aCN@bTSTCL@c20060425
905    @a213230@dK206.6@e5
    
    南社/杨天石,刘彦成著.-北京:中华书局,1980.10
    156页;20cm.-(中国文学史知识丛书)
    
    
    ISBN :CNY0.41
    
●
相关链接 在E读中查询图书 在五车中查询图书 在当当中查询图书 在豆瓣中查询图书


正题名:南社     索取号:K206.6/5         预约/预借

序号 登录号 条形码 馆藏地/架位号 状态 备注
1 0067721   202187506   密集书库/ [索取号:K206.6/5] 在馆    
2 0067722   202387871   第二借阅区/ [索取号:K206.6/5] 在馆    
3 0067723   202387835   第二借阅区/ [索取号:K206.6/5] 在馆    
4 0067724   202269669   密集书库/ [索取号:K206.6/5] 在馆    
5 0067725   202183467   密集书库/ [索取号:K206.6/5] 在馆    
唐山师范学院图书馆 欢迎您!
大连网信软件有限公司© 版权所有